| 000 | 00613cam a2200205u 4500 | ||
|---|---|---|---|
| 001 | 8438366 | ||
| 003 | ARRUPE | ||
| 005 | 20140221135752.0 | ||
| 008 | 810205s1958 enk 000 0 eng | ||
| 010 | _a 62006127 | ||
| 040 |
_aDLC _cCarP _dDLC |
||
| 050 | 0 | 0 |
_aML3082 _b.M85 |
| 100 | 1 |
_aMurray, Gregory, _d1905- [from old catalog] _98867 |
|
| 245 | 1 | 0 | _aAccentual cadences in Gregorian chant. |
| 260 |
_aBath [Eng.] _bDownside Abbey _c[1958] |
||
| 300 | _ap. cm. | ||
| 650 | 0 |
_aGregorian chants _xHistory and criticism. _98868 |
|
| 906 |
_a0 _bcbc _cpremunv _du _encip _f19 _gy-gencatlg |
||
| 942 |
_2lcc _cMONOGRAPH |
||
| 999 |
_c120139 _d120139 |
||